01791nam a2200445 i 450000100060000000300080000600500170001400600190003100700150005000800410006502000180010602000270012403500230015103500240017403500250019803500210022304000310024405000230027508000140029808200140031224501270032626400430045330000700049633600310056633700330059733800430063049000520067350400290072558801240075459001640087865000270104265000280106965000340109765500270113170000360115879700190119483000530121385600620126699900170132833978FlNmELB20241216220852.0m o d | cr cnu||||||||150712s2013 sp a ob 000 0 spa d a9788436828658 a9788436829167 (e book) a(MiAaPQ)EBC3428737 a(Au-PeEL)EBL3428737 a(CaPaEBR)ebr11059188 a(OCoLC)935744134 aFINmELBbspaerdacFINmELB 4aBF724bP96458 2013 a159.922.80 a155.522300aPrograma INTEMO :bguía para mejorar la inteligencia emocional de los adolescentes /cDesireé Ruiz Aranda [y otros 5]. 1aMadrid :bEdiciones Pirámide,c2013. a1 recurso en línea (186 páginas) :bilustraciones, gráficos atextobtxt2rdacontent/spa acomputadorabc2rdamedia/spa arecurso en líneabcr2rdacarrier/spa1 aColección "Ojos solares". Sección Programas aContiene bibliografía. aDescripción basada en recurso en línea; Título de la página del título en PDF (e-libro, visto July 12, 2015). aRecurso electrónico. Santa Fe, Arg.: e-libro, 2015. Disponible vía World Wide Web. El acceso puede estar limitado para las bibliotecas afiliadas a e-libro. 0aAdolescent psychology. 0aEmotional intelligence. 4aPsicología del adolescente. 4aLibros electrónicos.1 aRuiz Aranda, Desireé,eautor.2 ae-libro, Corp. 0aColección "Ojos solares". Sección Programas.40uhttps://elibro.net/ereader/politecnicointernacional/49050 c33978d33978